• 首页
  • 本馆介绍
  • 公告通知
  • 最新文献
  • 馆藏检索
  • 电子资源
  • 读者导购
  • 参考咨询
  • 我的图书馆
  • 登录
  • 详细信息显示
  • 放入我的书架
  • 预约/预借图书
  • 作者相关作品
  • 分类相关作品
  • 丛书相关作品
  • 出版社相关作品

书目信息

  • 表格格式
  • 工作单格式
  • 卡片格式
题名:
燕妮·马克思
    
 
作者: 维诺格拉茨卡娅 , Виноградская 著 ;高宁哲 , 赵德成 译
分册:  
出版信息: 北京   三联书店  1981
页数: 490页
开本: 18cm
丛书名:
单 册:
中图分类: K835.167.43 , K835.12
科图分类:
主题词:
电子资源:
ISBN:
000 00958nam0 2200301 450
001 1531098367
005 20150120083846.53
010    @dCNY1.20
091    @a11002.569
100    @a19950619d1981 em y0chiy0110 ea
101 1  @achi@crus
102    @aCN@b110000
105    @ay z 000yb
200 1  @a燕妮·马克思@9yan ni ma ke si@f(苏)维诺格拉茨卡娅著(П.Виноградская)@g高宁哲,赵德成译
210    @a北京@c三联书店@d1981
215    @a490页@d18cm
300    @a书名原文:Женни Маркс
510 1  @aЖенни Маркс@zrus
600  1 @a马克思@c(Marx, Jenny)@x生平事迹
600  1 @2CT@3S050565@a马克思@c(Marx, Jenny)
690    @aK835.167.43@v5
690    @aK835.12@v4
701  1 @a维诺格拉茨卡娅@9wei nuo ge la ci ka ya@bП.@4著
701  1 @aВиноградская@bП.@4著
702  0 @a高宁哲@9gao ning zhe@4译
702  0 @a赵德成@9zhao de cheng@4译
801  0 @aCN@bTSSF@c20150120
905    @aZUCC@dK835.12@eJY2
    
    燕妮·马克思/(苏)维诺格拉茨卡娅著(П.Виноградская)/高宁哲,赵德成译.-北京:三联书店,1981
    490页;18cm
    书名原文:Женни Маркс
    
    ISBN :CNY1.20
    
●
相关链接 在E读中查询图书 在五车中查询图书 在当当中查询图书 在豆瓣中查询图书


正题名:燕妮·马克思     索取号:K835.12/JY2         预约/预借

序号 登录号 条形码 馆藏地/架位号 状态 备注
1 7836276   278362763   学院路分馆/ [索取号:K835.12/JY2] 在馆    
2 7836277   278362772   学院路分馆/ [索取号:K835.12/JY2] 在馆    
唐山师范学院图书馆 欢迎您!
大连网信软件有限公司© 版权所有